000
00317nam a2200145Ia 4500
008
221121s9999 xx 000 0 und d
041
_a
ENGLISH
082
_b
SHI
100
_a
SHIELDS,CAROL
245
4
_a
THE STONE DIARIES
260
_b
FOURTH ESTATE,LONDON
300
_a
361
650
_a
NOVELS
942
_c
BK
999
_c
172492
_d
172492